Districts of Surrey - Statistics

General Stats
  • This quiz has been taken 86 times
  • The average score is 5 of 11
Answer Stats
Status Answer % Correct
District Guildford
78%
District Woking
75%
District Epsom and Ewell
69%
District Mole Valley
58%
District Reigate and Barnstead
51%
District Surrey Heath
47%
District Tandridge
37%
District Waverley
37%
District Elmbridge
36%
District Runnymede
36%
District Spelthorpe
2%
No matching quizzes found
Score Distribution
Percent of People with Each Score
Percentile by Number Answered
Your Score History
You have not taken this quiz